LEADER 00923nam0-2200325---450- 001 990009183850403321 005 20100510112051.0 010 $a0-631-14610-5 035 $a000918385 035 $aFED01000918385 035 $a(Aleph)000918385FED01 035 $a000918385 100 $a20100510d1972----km-y0itay50------ba 101 0 $aeng 102 $aGB 200 1 $a<>System of Industrial Relations in Great Britain$fH.A. Clegg. 210 $aOxford$cBSSil Blackwell$d1972 215 $aX, 500 p.$d24 cm 610 0 $aGran Bretagna$aRelazioni industriali 676 $aF/1.402 676 $aG/2.40 676 $aG/2.43 700 1$aClegg,$bHugh Armstrong$f<1920-1995>$0249860 801 0$aIT$bUNINA$gRICA$2UNIMARC 901 $aBK 912 $a990009183850403321 952 $aDPR 28-382$b5705$fDEC 959 $aDEC 996 $aSystem of Industrial Relations in Great Britain$9514886 997 $aUNINA LEADER 01047nam0-22003491i-450- 001 990003185740403321 035 $a000318574 035 $aFED01000318574 035 $a(Aleph)000318574FED01 035 $a000318574 100 $a20000920d1959----km-y0itay50------ba 101 0 $aita 102 $aIT 200 1 $a<>rl?e de la femme dans le développement des pays tropicaux et sub-tropicaux$fINCIDI. 210 $aBruxelles$cINCIDI$d1959. 215 $a543 p.$d24 cm 300 $aCompte rendu de la XXXI session, tenue à Bruxelles les 17/20 septembre 1958 676 $a10400 676 $a15440 676 $aF/1.1 676 $aF/1.21 676 $aF/1.311 676 $aF/1.331 712 2$aInternational institute of differing civilizations 801 0$aIT$bUNINA$gRICA$2UNIMARC 901 $aBK 912 $a990003185740403321 952 $a10400 INC$b014988$fSES 959 $aSES 996 $aRl?e de la femme dans le développement des pays tropicaux et sub-tropicaux$91498802 997 $aUNINA DB $aING01